000 00323nam a2200145Ia 4500
005 20251222151343.0
008 251222s9999||||xx |||||||||||||| ||spa||
020 _a9788434860919
082 _a323.34/R81
100 _aRomeu, Carlos
245 0 _aTristán en Egipto
250 _a10ma.ed.
264 _bSM
942 _cLIB
999 _c24560
_d24560